000 00633nam a2200241Ia 4500
003 OSt
005 20221005083819.0
006 a|||||r|||| 00| 0
007 ta
008 221004b |||||||| |||| 00| 0 eng d
024 _a103647
037 _cTextual
040 _aCRL
_cCRL
_beng
041 _2eng
_aeng
082 _aB27olc, L3
100 _aJoshi A W
_9494690
245 0 _aElements of group theory for physics
260 _aNew Delhi
_bWiley Eastern Private Ltd
_c1973
500 _aDSK Collection
650 _aMATHEMATICS
942 _hB27olc, L3
_cTEXL
_2cc
999 _c991594
_d991594